| 000 | 00656nam a2200205 i 4500 | ||
|---|---|---|---|
| 001 | 35389 | ||
| 003 | ES-MaACL | ||
| 005 | 20250812225331.0 | ||
| 007 | t| | ||
| 008 | 030212s1976 sp ||||1| spa d | ||
| 100 | 1 |
_aBose, Arun. _930679 |
|
| 245 | 1 | 0 |
_aEconomía política marxiana y postmarxiana / _cArun Bose ; versión de Blanca Paredes. |
| 260 |
_a[Madrid] : _bAlianza, _c[1976] |
||
| 300 |
_a339 p. ; _c20 cm. |
||
| 490 | 1 | _aCurso de economía moderna penguin. Alianza | |
| 700 | 1 |
_aParedes Larrucea, Blanca. _989047 |
|
| 830 | 0 | 0 |
_aCurso de economía moderna Penguin _9182056 |
| 852 |
_aES-MaACL _jA-5849 _bR.94775 |
||
| 999 |
_c35389 _d35389 |
||